000
00257nam a22000977a 4500
008
140207t xxu||||| |||| 00| 0 eng d
100
_a
David Easton
_9
671
245
_a
A Framework for Political Analysis
300
_a
xvi, 338 p.
_b
illus.
_c
24 cm.
942
_2
ddc
_c
BK
999
_c
16930
_d
16930